000 00601nam a2200193 i 4500
001 93808
003 ES-MaACL
005 20240427063116.0
007 t|
008 050420s1947 sp ||||1| spa d
100 1 _aPantorba, Bernardino de,
_d1896-1990
_988829
245 1 0 _aChopin
_b: semblanza /
_cBernardino de Pantorba.
260 _aMadrid :
_bAntonio Carmona,
_c1947.
300 _a216 p., 6 lám. ;
_c18 cm.
490 1 _aGrandes figuras de la música
830 0 _aGrandes figuras de la música
_9232116
852 _aES-MaACL
_jF-15413
_bR.23819
999 _c93808
_d93808